The case of the manufacturers of soap & candles, in the city of New-York, stated and examined : (Record no. 13940)

MARC details
000 -LEADER
fixed length control field 01782cam a2200349 a 4500
001 - CONTROL NUMBER
control field ca 09002872
003 - CONTROL NUMBER IDENTIFIER
control field DLC
005 - DATE AND TIME OF LATEST TRANSACTION
control field 20260227111049.0
008 - FIXED-LENGTH DATA ELEMENTS--GENERAL INFORMATION
fixed length control field 980924s1797 nyu 000 0 eng
010 ## - LIBRARY OF CONGRESS CONTROL NUMBER
LC control number ca 09002872
040 ## - CATALOGING SOURCE
Original cataloging agency DLC
Transcribing agency DLC
Description conventions dcrb
043 ## - GEOGRAPHIC AREA CODE
Geographic area code n-us-ny
050 00 - LIBRARY OF CONGRESS CALL NUMBER
Classification number KFX2048.5
Item number .M58
051 ## - LIBRARY OF CONGRESS COPY, ISSUE, OFFPRINT STATEMENT
Classification number AC901
Item number .H3 vol. 85, no. 8
100 1# - MAIN ENTRY--PERSONAL NAME
Personal name Mitchill, Samuel L.
Fuller form of name (Samuel Latham),
Dates associated with a name 1764-1831.
245 14 - TITLE STATEMENT
Title The case of the manufacturers of soap & candles, in the city of New-York, stated and examined :
Remainder of title to which are prefixed, the laws of the state of New-York, concerning infectious diseases : with an addition, in form of an appendix, containing, several documents and papers, relative to these subjects : published by the Association of Tallow Chandlers and Soap Makers.
260 ## - PUBLICATION, DISTRIBUTION, ETC.
Place of publication, distribution, etc. New-York :
Name of publisher, distributor, etc. Printed by John Buel, for the Association,
Date of publication, distribution, etc. 1797.
300 ## - PHYSICAL DESCRIPTION
Extent 62, [2] p. (last leaf blank) ;
Dimensions 21 cm. (8vo)
500 ## - GENERAL NOTE
General note Attributed to Samuel Latham Mitchill. Cf. Hall, C.R. A scientist in the early republic, 1934, p. [141].
500 ## - GENERAL NOTE
General note Signatures: [A]⁴ B-H⁴.
510 4# - CITATION/REFERENCES NOTE
Name of source Evans
Location within source 32564
510 4# - CITATION/REFERENCES NOTE
Name of source Austin, R.B. Early Amer. medical imprints,
Location within source 90
650 #0 - SUBJECT ADDED ENTRY--TOPICAL TERM
Topical term or geographic name entry element Public health laws
Geographic subdivision New York (State)
-- New York.
650 #0 - SUBJECT ADDED ENTRY--TOPICAL TERM
Topical term or geographic name entry element Candlemaking
Geographic subdivision New York (State)
-- New York.
650 #0 - SUBJECT ADDED ENTRY--TOPICAL TERM
Topical term or geographic name entry element Soap trade
Geographic subdivision New York (State)
-- New York.
650 #0 - SUBJECT ADDED ENTRY--TOPICAL TERM
Topical term or geographic name entry element Communicable diseases
General subdivision Prevention.
650 #0 - SUBJECT ADDED ENTRY--TOPICAL TERM
Topical term or geographic name entry element Communicable diseases
Geographic subdivision New York (State)
-- New York.
710 2# - ADDED ENTRY--CORPORATE NAME
Corporate name or jurisdiction name as entry element Association of Tallow Chandlers and Soap Makers (New York, N.Y.)
710 2# - ADDED ENTRY--CORPORATE NAME
Corporate name or jurisdiction name as entry element Joseph Meredith Toner Collection (Library of Congress)
Institution to which field applies DLC
710 2# - ADDED ENTRY--CORPORATE NAME
Corporate name or jurisdiction name as entry element American Imprint Collection (Library of Congress)
Institution to which field applies DLC
710 2# - ADDED ENTRY--CORPORATE NAME
Corporate name or jurisdiction name as entry element Ebenezer Hazard Pamphlet Collection (Library of Congress)
Institution to which field applies DLC

No items available.

Powered by Koha